MARC

LEADER 00000nam0a2200000 4500
001 328850
005 20231102004113.0
035 |a (RuTPU)RU\TPU\book\354579 
090 |a 328850 
100 |a 20170227d1975 km y0rusy50 ca 
101 0 |a rus 
102 |a RU 
105 |a a z 001zy 
200 1 |a Телеизмерение. (Системы промышленного применения)  |f В. С. Малов, Я. А. Купершмидт 
210 |a Москва  |c Энергия  |d 1975 
215 |a 351 с.  |c ил. 
320 |a Библиогр.: с. 346-348 
606 1 |a Телеметрия  |2 stltpush  |3 (RuTPU)RU\TPU\subj\59255  |9 76819 
610 1 |a точность 
610 1 |a помехоустойчивость 
610 1 |a сообщения 
610 1 |a сигналы 
610 1 |a передача 
610 1 |a каналы связи 
610 1 |a датчики 
610 1 |a устройства 
610 1 |a телеизмерительные системы 
610 1 |a воспроизведение 
610 1 |a телемеханика 
675 |a 621.398  |v 4 
700 1 |a Малов  |b В. С.  |g Владимир Сергеевич 
701 1 |a Купершмидт  |b Я. А.  |g Яков Абрамович 
801 1 |a RU  |b 63413507  |c 20170227 
801 2 |a RU  |b 63413507  |c 20170303  |g RCR 
942 |c BK